00305nam a2200121Ia 4500008004100000082001600041100001100057245002900068250000800097260004600105300001000151650002200161150201s2003 xx 000 0 und d a403bC2003O aOXFORD aCONCISE OXFORD THESAURUS a2ND bOXFORD MEDICAL PUBLICATIONSaOXFORDc2003 a1-970 aGENERAL DENTISTRY